[Event "Titled Tue 10th Jun Early"]
[Site "chess.com INT"]
[Date "2025.06.10"]
[Round "8"]
[White "Cordoba Roa, Angel Gabriel"]
[Black "Bold, Andre"]
[Result "1-0"]
[WhiteTitle "FM"]
[BlackTitle "CM"]
[WhiteElo "2396"]
[BlackElo "2235"]
[WhiteFideId "3957624"]
[BlackFideId "16208471"]
[EventDate "2025.06.10"]

1. e4 c5 2. Nf3 Nc6 3. Bb5 e6 4. O-O Nge7 5. Re1 a6 6. Bxc6 Nxc6 7. d4 cxd4 8.
Nxd4 Bc5 9. Be3 Qb6 10. Nxc6 Qxc6 11. Bxc5 Qxc5 12. Nd2 b5 13. Nb3 Qc7 14. a4
Bb7 15. Qd4 O-O 16. Nc5 Bc6 17. axb5 axb5 18. c3 h6 19. f3 Rfc8 20. Red1 Rxa1
21. Rxa1 d6 22. Nd3 Ra8 23. Rxa8+ Bxa8 24. Kf2 Bc6 25. Nb4 Be8 26. g3 Kf8 27.
Ke3 Qc5 28. f4 Ke7 29. Nd3 Qh5 30. e5 dxe5 31. Qc5+ Kd8 32. Qd6+ Kc8 33. Qe7 f6
34. Qxe6+ Bd7 35. Qg8+ Kc7 36. Qxg7 Qxh2 37. fxe5 Qg1+ 38. Ke2 Qg2+ 39. Nf2 fxe5
40. Qxe5+ Kd8 41. Qf6+ Kc7 42. Qf3 Qg1 43. Qf4+ Kc8 44. Qxh6 Qxg3 45. Qa6+ Kc7
46. Qa7+ Kc8 47. Qc5+ Kd8 48. Qb6+ Kc8 49. Qe3 Qg2 50. Qc5+ Kd8 51. Kd2 Qf3 52.
Kc2 Qe2+ 53. Kb3 Be6+ 54. Kb4 Qxb2+ 55. Ka5 Bc4 56. Ne4 Qg2 57. Qd6+ Kc8 58.
Qc6+ Kd8 59. Qa8+ Ke7 60. Qb7+ Kf8 61. Qc8+ Kg7 62. Qc7+ Kf8 63. Qf4+ Kg7 64.
Qe5+ Kf8 65. Qf6+ Kg8 66. Qd8+ Kg7 67. Qe7+ Kh8 68. Qf8+ Qg8 69. Qf6+ Qg7 70.
Qh4+ Qh7 71. Qd8+ Qg8 72. Qd4+ Qg7 73. Nf6 Qg5 74. Qd8+ Kg7 75. Ne8+ Kh6 76.
Qd6+ Kh5 77. Nf6+ Kh4 78. Qh2# 1-0

[Event "Titled Tue 10th Jun Early"]
[Site "chess.com INT"]
[Date "2025.06.10"]
[Round "8"]
[White "Miranda Samudio, Adrian Jafeth"]
[Black "Shubenkova, Veronika"]
[Result "0-1"]
[WhiteTitle "CM"]
[BlackTitle "WFM"]
[WhiteElo "1902"]
[BlackElo "2031"]
[WhiteFideId "6611044"]
[BlackFideId "44124040"]
[EventDate "2025.06.10"]

1. e4 e6 2. d4 d5 3. Nd2 Nf6 4. e5 Nfd7 5. f4 c5 6. c3 Nc6 7. Ndf3 a6 8. Bd3 b5
9. Ne2 Bb7 10. O-O Qb6 11. Be3 cxd4 12. Nexd4 Nxd4 13. Nxd4 Bc5 14. b4 Bxd4 15.
Bxd4 Qc7 16. f5 O-O-O 17. a4 bxa4 18. Rxa4 Nb6 19. Ra5 Nc4 20. Rc5 Bc6 21. fxe6
fxe6 22. Qg4 Rde8 23. Qe2 Kb7 24. Ra1 Qd7 25. Rxa6 Kxa6 26. Ra5+ Kb7 27. Ra7+
Kc8 28. Rxd7 Kxd7 29. Bxc4 dxc4 30. Qxc4 Ra8 31. Bb6 Rhc8 32. Qd4+ Bd5 33. Bc5
Ra1+ 34. Kf2 Ra2+ 35. Ke3 Rc2 36. Qh4 Ra8 37. Qe7+ Kc6 38. Qd6+ Kb5 39. Kd3 Rc1
40. Qb6+ Ka4 41. b5 Kb3 42. Be3 Rd1+ 43. Ke2 Rb1 44. Qd4 Ra4 45. Qc5 Bc4+ 46.
Kf3 Rf1+ 47. Kg3 Re1 48. b6 Bd5 49. b7 Bxb7 50. Qb6+ Kxc3 51. Qxb7 Rxe3+ 52. Kf2
Rd3 53. Qc6+ Rc4 54. Qxe6 Rd2+ 55. Ke1 Rd3 56. Qf7 Re4+ 57. Kf2 Rd2+ 58. Kf1
Rxe5 59. Qc7+ Kd4 60. Qd6+ Rd5 61. Qf4+ Kc3 62. Qg3+ R5d3 63. Qxg7+ Kc2 64. Qxh7
Kd1 65. Qh5+ Kc1 66. h3 Rc2 67. Qf5 Rdd2 68. Qf4 Kb1 69. Qf3 Rc1+ 0-1

[Event "Titled Tue 10th Jun Early"]
[Site "chess.com INT"]
[Date "2025.06.10"]
[Round "8"]
[White "Tarnowska, Aleksandra"]
[Black "Alikulov, Elbek"]
[Result "0-1"]
[WhiteTitle "WCM"]
[BlackTitle "IM"]
[WhiteElo "1882"]
[BlackElo "2305"]
[WhiteFideId "1180967"]
[BlackFideId "14203308"]
[EventDate "2025.06.10"]

1. e4 e6 2. d4 d5 3. Nd2 c5 4. exd5 Qxd5 5. Ngf3 cxd4 6. Bc4 Qd7 7. Nb3 Nc6 8.
Nbxd4 Nxd4 9. Qxd4 Qxd4 10. Nxd4 a6 11. Be2 Nf6 12. Bf3 Bc5 13. Nb3 Bb6 14. a4
O-O 15. a5 Ba7 16. O-O e5 17. Bg5 e4 18. Be2 Nd5 19. Bc4 Be6 20. Bxd5 Bxd5 21.
Be3 Bxe3 22. fxe3 Rac8 23. Nd4 f6 24. c3 Rfe8 25. Rf4 Bf7 26. Nf5 Rc6 27. Ra4
Bg6 28. g4 Bxf5 29. gxf5 Rd6 30. Rfxe4 Rxe4 31. Rxe4 Rd1+ 32. Kf2 Rd2+ 33. Kf3
Rxb2 34. Re7 Rb5 35. e4 Rxa5 36. Rxb7 Rc5 37. Rb3 a5 38. Ra3 Rc4 39. Kf4 Rc5 40.
h4 h5 41. Rb3 Kh7 42. Ra3 Rb5 43. c4 Rc5 44. Ra4 Rc6 45. Ra3 Rxc4 46. Rxa5 Rc1
47. Ra8 Rf1+ 48. Ke3 Rh1 49. e5 Re1+ 50. Kf4 Rxe5 51. Ra7 Rb5 52. Rc7 Rb4+ 53.
Kg3 Rg4+ 54. Kh3 Rf4 55. Rc5 Rf3+ 56. Kg2 Rb3 57. Rc7 Rb5 58. Kg3 Rxf5 59. Rc3
Ra5 60. Rb3 Kh6 61. Rb6 Ra3+ 62. Kh2 Rf3 63. Kg2 Rf4 64. Kg3 Rf5 65. Kh3 g5 66.
Rb7 g4+ 67. Kg3 Rf3+ 68. Kg2 Rh3 69. Rb6 Kg6 70. Rb1 Rxh4 71. Rb6 Rh3 72. Kg1 g3
73. Kg2 Rh4 74. Kxg3 Rc4 75. Ra6 Kg5 76. Kh3 Rc3+ 77. Kg2 h4 78. Ra4 f5 79. Ra8
Kf4 80. Rh8 h3+ 81. Kf1 Kg3 82. Rg8+ Kf3 83. Kg1 f4 84. Kh2 Rc1 0-1

[Event "Titled Tue 10th Jun Early"]
[Site "chess.com INT"]
[Date "2025.06.10"]
[Round "8"]
[White "Ilinca, Felix-Antonio"]
[Black "Movahed, Sina"]
[Result "1/2-1/2"]
[WhiteTitle "IM"]
[BlackTitle "GM"]
[WhiteElo "2431"]
[BlackElo "2544"]
[WhiteFideId "54764998"]
[BlackFideId "42520835"]
[EventDate "2025.06.10"]

1. e4 c5 2. Nf3 e6 3. Nc3 Nc6 4. Bc4 a6 5. a4 Be7 6. d3 d6 7. O-O Nf6 8. Re1 O-O
9. Bg5 b6 10. Bb3 Bb7 11. Ne2 Qc7 12. c3 b5 13. Ng3 b4 14. d4 bxc3 15. bxc3 h6
16. Be3 Rfe8 17. h3 Bf8 18. Qd3 Rab8 19. Rab1 cxd4 20. cxd4 Nb4 21. Qe2 Nxe4 22.
Rbc1 Nxg3 23. fxg3 Qd7 24. Nh2 Bd5 25. Bxd5 Nxd5 26. Qxa6 Rb6 27. Qa5 Rb4 28.
Nf3 Rxa4 29. Qd2 Rea8 30. Bf2 Ra2 31. Rc2 Rxc2 32. Qxc2 Rc8 33. Qd3 Rc3 34. Qe4
Qc6 35. Kh2 Rc2 36. Re2 Rc3 37. Qb1 Rc1 38. Qd3 Qb7 39. Re1 Rxe1 40. Bxe1 Qb2
41. Kg1 g6 42. Bf2 Bg7 43. Qc4 Qb7 44. Qa4 Bf6 45. Kh2 Kg7 46. Be1 Ne3 47. Qa3
Nc2 48. Qxd6 Ne3 49. Qf4 Nd5 50. Qd2 Qb3 51. Bf2 g5 52. Ne5 Qb1 53. Ng4 Qf5 54.
Ne3 Qe4 55. Nxd5 Qxd5 56. Qd3 Be7 57. Qe3 Bd6 58. Kh1 h5 59. Qe2 Kg6 60. Qd3+
Qf5 61. Qe2 g4 62. hxg4 hxg4 63. Qe1 Qd3 64. Kg1 Be7 65. Kh1 Bf6 66. Kg1 Bxd4
67. Bxd4 Qxd4+ 68. Kh2 Qh8+ 69. Kg1 Qd4+ 70. Kh2 e5 71. Qe2 f5 72. Qa6+ Kg5 73.
Qe6 e4 74. Qg8+ Kh6 75. Qf8+ Kg6 76. Qe8+ Kg7 77. Qe7+ Kh6 78. Qf8+ Kg6 79. Qe8+
Kg5 80. Qg8+ Kh6 81. Qf8+ 1/2-1/2

[Event "Titled Tue 10th Jun Early"]
[Site "chess.com INT"]
[Date "2025.06.10"]
[Round "8"]
[White "Germanovs, Georgijs"]
[Black "Ilamparthi, A R"]
[Result "0-1"]
[WhiteTitle "CM"]
[BlackTitle "IM"]
[WhiteElo "2260"]
[BlackElo "2490"]
[WhiteFideId "11609710"]
[BlackFideId "45015775"]
[EventDate "2025.06.10"]

1. Nf3 g6 2. e4 Bg7 3. d4 c6 4. c4 d6 5. Nc3 Nd7 6. Be2 e5 7. d5 c5 8. O-O Ngf6
9. Ne1 O-O 10. f4 exf4 11. Bxf4 Re8 12. Qc2 Ne5 13. Nf3 Nfg4 14. Nxe5 Nxe5 15.
Kh1 Bd7 16. Rf2 Qe7 17. Raf1 Rf8 18. Qd2 Rae8 19. Bg5 f6 20. Bh4 h5 21. h3 Kh7
22. Nd1 a6 23. b4 cxb4 24. Qxb4 Bc8 25. Ne3 Rf7 26. Bg3 Ref8 27. Rc1 Bh6 28. Rc3
f5 29. exf5 gxf5 30. Bxh5 f4 31. Bxf7 fxg3 32. Qb1+ Kh8 33. Nf5 Qxf7 34. Rxg3
Bxf5 35. Qb2 Bg7 36. Qe2 Qe8 37. c5 dxc5 38. d6 Bh7 39. Rxf8+ Qxf8 40. Qd1 Nd7
41. Qg4 Nf6 42. Qe6 Ne4 43. Rf3 Qxd6 44. Qe8+ Bg8 45. Qxe4 Qd1+ 46. Kh2 Qd6+ 47.
Kh1 Bd5 48. Qe8+ Kh7 49. Qh5+ Kg8 50. Rd3 Bxg2+ 51. Kxg2 Qxd3 52. Qe8+ Bf8 53.
Qe6+ Kg7 54. Qe5+ Kf7 55. Qc7+ Be7 56. Qxb7 Qe2+ 57. Kg3 Qe6 58. Qf3+ Qf6 59.
Qd5+ Kg7 60. Kg2 Qg6+ 61. Kh1 Qf7 62. Qe5+ Kg8 63. Qb8+ Kh7 64. Qb1+ Qg6 65. Qe1
Qc6+ 66. Kg1 Qd6 67. Qe4+ Qg6+ 68. Qg2 c4 69. Qxg6+ Kxg6 70. Kf2 c3 71. Ke3 Bf6
72. Kd3 Kg5 73. Kc2 Kh4 74. a4 Kxh3 75. a5 Kg3 76. Kd3 Kf3 77. Kc2 Ke4 78. Kc1
Kd3 79. Kb1 c2+ 80. Kc1 Bg5+ 81. Kb2 c1=Q+ 82. Kb3 Qb1+ 83. Ka4 Qa2+ 84. Kb4
Be7# 0-1

[Event "Titled Tue 10th Jun Early"]
[Site "chess.com INT"]
[Date "2025.06.10"]
[Round "8"]
[White "Kovalenko, Igor"]
[Black "Adewumi, Tanitoluwa"]
[Result "1/2-1/2"]
[WhiteTitle "GM"]
[BlackTitle "FM"]
[WhiteElo "2676"]
[BlackElo "2362"]
[WhiteFideId "14117908"]
[BlackFideId "30966396"]
[EventDate "2025.06.10"]

1. e4 c5 2. Nf3 e6 3. c3 Nf6 4. e5 Nd5 5. d4 cxd4 6. cxd4 d6 7. Bc4 Nc6 8. O-O
Be7 9. Qe2 O-O 10. Rd1 Qc7 11. Bd2 Rd8 12. h4 b6 13. h5 Bb7 14. h6 g6 15. Bxd5
exd5 16. e6 f6 17. Nc3 Nb4 18. Ne1 Qc4 19. Qe3 Rac8 20. a3 Nc6 21. Nf3 Na5 22.
Ne2 Nb3 23. Rab1 Qc2 24. Bc3 Qe4 25. Nf4 Rc7 26. Re1 Rdc8 27. Rbd1 a5 28. Nh2
Qxe3 29. Rxe3 f5 30. Nf3 g5 31. Nh5 f4 32. Ree1 Bc6 33. Nh2 Be8 34. Ng7 Bg6 35.
Re2 Bf8 36. Ng4 Bxg7 37. hxg7 Kxg7 38. e7 Re8 39. Rde1 Bh5 40. f3 Bxg4 41. fxg4
Kf7 42. g3 Rcxe7 43. Rxe7+ Rxe7 44. Rf1 Re4 45. Kg2 Kg6 46. Rd1 Re3 47. gxf4
gxf4 48. Kf2 Kg5 49. Rh1 Kxg4 50. Rxh7 Nc1 51. Rg7+ Kf5 52. Kf1 Nd3 53. Bd2 Rg3
54. Re7 f3 55. Re3 Nf4 56. Be1 Rh3 57. Kg1 Ne2+ 58. Kf2 Kf4 59. Re8 Rh2+ 60. Kf1
Rh1+ 61. Kf2 Rh2+ 62. Kf1 Nxd4 63. Rf8+ Nf5 64. Bf2 Rh1+ 65. Bg1 Ke4 66. Kf2 d4
67. Re8+ Kd5 68. Rf8 Ne3 69. Rxf3 Nd1+ 70. Kg2 Rh5 71. Rd3 Rg5+ 72. Kh1 Nxb2 73.
Rxd4+ Kc6 74. Rd2 Nc4 75. Rc2 b5 76. a4 d5 77. axb5+ Kxb5 78. Bd4 Rg4 79. Bf6 a4
80. Rc1 a3 81. Rb1+ Ka4 82. Rb8 Rg6 83. Bd4 Ra6 84. Kg2 a2 85. Kf3 Na5 86. Rd8
Nb3 87. Bb2 Ra5 88. Ke2 Kb4 89. Rb8+ Rb5 90. Ra8 Ra5 91. Rb8+ Kc4 92. Rc8+ Rc5
93. Ra8 d4 94. Ra4+ Kb5 95. Rxa2 Rc2+ 96. Kd3 Rd2+ 97. Ke4 Kc4 98. Ra4+ Kb5 99.
Ra2 d3 100. Ke3 Kb4 101. Ba3+ Kc3 102. Rxd2 Nxd2 103. Bb4+ Kc4 104. Kxd2 Kxb4
105. Kxd3 1/2-1/2

[Event "Titled Tue 10th Jun Early"]
[Site "chess.com INT"]
[Date "2025.06.10"]
[Round "8"]
[White "Mishra, Manoj"]
[Black "Madhesh Kumar S"]
[Result "0-1"]
[WhiteTitle "CM"]
[BlackTitle "CM"]
[WhiteElo "1941"]
[BlackElo "2243"]
[WhiteFideId "5006007"]
[BlackFideId "25168649"]
[EventDate "2025.06.10"]

1. d4 Nf6 2. Bg5 g6 3. Bxf6 exf6 4. c4 Bg7 5. Nc3 O-O 6. g3 f5 7. Bg2 d6 8. e3
Re8 9. Nge2 Nc6 10. O-O Bd7 11. Nd5 h5 12. b4 Ne7 13. Nef4 Nxd5 14. Bxd5 c6 15.
Bg2 a5 16. Qb3 axb4 17. Qxb4 Qc7 18. Rfb1 Reb8 19. Qb6 Qc8 20. a4 Ra6 21. Qb3
Qc7 22. Ra2 Qa5 23. c5 dxc5 24. Nxg6 Be6 25. d5 c4 26. Qxc4 cxd5 27. Ne7+ Kf8
28. Nxd5 Rc6 29. Qxc6 Qd8 30. Rxb7 Rc8 31. Rc7 Rb8 32. Qc5+ Kg8 33. Ne7+ Kh8 34.
h4 Bf6 35. Nd5 Be5 36. Rc6 Rb1+ 37. Kh2 Bg7 38. Rc7 Rd1 39. Bh3 Qxd5 40. Qxd5
Bxd5 41. Bg2 Bxa2 42. Rc8+ Kh7 43. a5 Ra1 44. a6 Be6 45. Bb7 Bxc8 46. Bxc8 Kg6
47. Kg2 Kf6 48. Kf3 Bf8 49. Kf4 Bd6+ 50. Kf3 Ke5 51. Ke2 Ra2+ 52. Ke1 Bb4+ 53.
Kf1 Bc5 54. Kg2 Kd6 55. Kf3 Ke5 56. Bb7 Ra5 57. Bc8 Ba7 58. Ke2 Ra2+ 59. Kf3 Rc2
60. Bb7 f6 61. Ba8 Rc3 62. Bb7 Rb3 63. Ke2 Kd6 64. Bc8 Rb5 65. Kf3 Kc7 66. Bb7
Bb8 67. Kf4 Kb6+ 68. Kf3 Rc5 69. e4 fxe4+ 70. Kxe4 Re5+ 71. Kd4 Rc5 72. Ke4 Be5
73. f4 Bb8 74. Kf3 Rc3+ 75. Kg2 Ka7 76. Kf2 Bd6 77. Kg2 Bc5 78. Kh3 Bf2 79. Kg2
Bxg3 80. f5 Bxh4 81. Kf1 Bg5 82. Ke2 h4 83. Kf1 Rb3 84. Kg1 h3 85. Kh2 Bf4+ 86.
Kh1 Rb1# 0-1

[Event "Titled Tue 10th Jun Early"]
[Site "chess.com INT"]
[Date "2025.06.10"]
[Round "8"]
[White "Vafin, Ayrat"]
[Black "Goh, Zi Han"]
[Result "0-1"]
[WhiteTitle "FM"]
[BlackTitle "FM"]
[WhiteElo "2302"]
[BlackElo "2275"]
[WhiteFideId "4146530"]
[BlackFideId "5819156"]
[EventDate "2025.06.10"]

1. Nf3 Nf6 2. g3 g6 3. Bg2 Bg7 4. O-O O-O 5. d4 d6 6. c4 Nbd7 7. Nc3 e5 8. e4
exd4 9. Nxd4 Re8 10. Re1 c6 11. h3 a5 12. Be3 Nc5 13. Qc2 a4 14. b4 axb3 15.
axb3 Rxa1 16. Rxa1 Qe7 17. f3 Nh5 18. Nde2 f5 19. Bxc5 dxc5 20. g4 fxe4 21. Qxe4
Qxe4 22. fxe4 Nf6 23. Ra8 Bd7 24. Ra7 Bc8 25. Ra8 Nd7 26. Kf2 Kf7 27. Ke3 Bh6+
28. Kd3 Ne5+ 29. Kc2 Bg7 30. Nf4 Bh6 31. Nfe2 Bg5 32. Na4 Nd7 33. Nec3 h5 34.
gxh5 gxh5 35. Bf3 Kg6 36. Nb2 Ne5 37. Bg2 Rf8 38. Nbd1 h4 39. Rb8 Kg7 40. Ra8
Bg4 41. Rxf8 Bxd1+ 42. Nxd1 Kxf8 43. Nc3 Ke7 44. Na4 Kd6 45. Nb6 Ng6 46. Kd3
Nf4+ 47. Ke3 Nxg2+ 48. Kf3 Ne1+ 49. Kg4 Bd8 50. Na4 Nd3 51. Kf5 Nf2 52. e5+ Kc7
53. Nxc5 Nxh3 54. Ne6+ Kc8 55. Kg4 Nf2+ 56. Kf3 Nd3 57. Ke4 h3 58. Kf3 Nxe5+ 59.
Kg3 Kd7 60. Nc5+ Kc7 61. Kxh3 Be7 62. Ne4 Nd3 63. Kg3 Nc1 64. b4 Bxb4 65. Kf4
Nb3 66. Ke3 Nc5 67. Ng5 Kd6 68. Kd4 Ba3 69. Nf7+ Ke7 70. Nh6 Bb2+ 71. Ke3 Ke6
72. Ng4 Na4 73. Kd3 Nb6 74. Nf2 Bg7 75. Ne4 Nd7 76. Ng5+ Kd6 77. Ne4+ Ke5 78.
Nd2 Nc5+ 79. Kc2 Kd4 80. Nf3+ Kxc4 81. Nd2+ Kd5 82. Nf3 b5 83. Nd2 Bd4 84. Nf3
Ne4 85. Nh4 c5 86. Nf5 Nd6 87. Ne7+ Kc4 88. Nc6 b4 89. Na5+ Kb5 90. Nb3 Nf5 91.
Nc1 c4 92. Ne2 Be5 93. Ng1 b3+ 94. Kd2 c3+ 95. Kd3 c2 96. Ne2 Bb2 97. Kd2 Nd4
98. Nf4 c1=Q+ 99. Kd3 Nc2 100. Ne2 Qd1+ 101. Ke4 Qxe2+ 102. Kd5 Qe5# 0-1

[Event "Titled Tue 10th Jun Early"]
[Site "chess.com INT"]
[Date "2025.06.10"]
[Round "8"]
[White "Jake Shanty"]
[Black "Ughuzov, Ravan"]
[Result "1/2-1/2"]
[WhiteTitle "FM"]
[BlackTitle "FM"]
[WhiteElo "2252"]
[BlackElo "2295"]
[WhiteFideId "33478066"]
[BlackFideId "13419315"]
[EventDate "2025.06.10"]

1. Nf3 d5 2. e3 Nf6 3. b3 c5 4. Bb2 g6 5. Be2 Bg7 6. O-O O-O 7. d4 cxd4 8. Nxd4
Re8 9. Nd2 e5 10. N4f3 Nc6 11. Re1 Bf5 12. c4 d4 13. exd4 exd4 14. Bf1 Qd7 15.
a3 a5 16. h3 h5 17. Rxe8+ Rxe8 18. b4 axb4 19. axb4 Nxb4 20. Nxd4 Nd3 21. Bxd3
Bxd3 22. Qb3 Be4 23. Re1 Bc6 24. Rxe8+ Qxe8 25. Nxc6 Qxc6 26. Qd3 Qb6 27. Bd4
Qc6 28. Qc3 Nd5 29. cxd5 Qxc3 30. Bxc3 Bxc3 31. Ne4 Be5 32. Kf1 Kf8 33. Ke2 Ke7
34. Kd3 f5 35. Nc5 b6 36. Na6 Kd6 37. Kc4 b5+ 38. Kxb5 Kxd5 39. Nb4+ Ke4 40. Kc4
Bd6 41. Nd5 f4 42. f3+ Kf5 43. Nc3 g5 44. Ne4 Be7 45. Kd5 g4 46. hxg4+ hxg4 47.
Nf2 gxf3 48. gxf3 Bh4 49. Nd3 Bg3 50. Ne5 Bh2 51. Nc6 Bg3 52. Nd4+ Kg5 53. Ke5
Bh2 54. Ne6+ Kh4 55. Ke4 Kh5 56. Kf5 Kh6 57. Nxf4 Kg7 58. Ne6+ Kf7 59. Ng5+ Kg8
60. Ne4 Kf7 61. Nf2 Kg7 62. Ng4 Bg3 63. Ne3 Kf7 64. Kg5 Bh2 65. Nf5 Bb8 66. Nd4
Be5 67. Nc6 Bh2 68. Kf5 Bg3 69. Ne5+ Kg7 70. Nd7 Kf7 71. Nf6 Bh2 72. Ne4 Bb8 73.
Ng5+ Kg7 74. Ne6+ Kf7 75. Nd8+ Kg7 76. Nc6 Bh2 77. Ke6 Kg6 78. Nd4 Kg5 79. Ne2
Bb8 80. Kd5 Kf5 81. Kd4 Ba7+ 82. Kd3 Bb6 83. Kd2 Bf2 84. Nc3 Kf4 85. Ke2 Ba7 86.
Nb5 Bb6 87. Nd6 Bc5 88. Ne4 Ba7 89. Nc3 Kf5 90. Kd3 Kf4 91. Ke2 Kf5 92. Nd1 Bb6
93. Kf1 Kf4 94. Kg2 Kf5 95. Nc3 Bd4 96. Nd5 Bc5 97. Nc3 Bd4 98. Ne4 Ba7 99. Ng3+
Kf4 100. Nh5+ Kf5 101. Ng3+ Kf4 102. Ne2+ Ke3 103. Nc3 Kf4 104. Nb5 Bc5 105. Nc7
Kf5 106. Nd5 Bd6 107. Ne3+ 1/2-1/2

[Event "Titled Tue 10th Jun Early"]
[Site "chess.com INT"]
[Date "2025.06.10"]
[Round "8"]
[White "Schnaider, Ilan"]
[Black "Povshednyi, Ivan"]
[Result "1-0"]
[WhiteTitle "IM"]
[BlackTitle "FM"]
[WhiteElo "2388"]
[BlackElo "2309"]
[WhiteFideId "169013"]
[BlackFideId "14190907"]
[EventDate "2025.06.10"]

1. d4 Nf6 2. Nc3 d5 3. Bf4 a6 4. e3 b5 5. a3 e6 6. b4 c6 7. Nf3 a5 8. Rb1 axb4
9. axb4 Na6 10. Na2 Ne4 11. Bd3 Nxb4 12. Nxb4 Nc3 13. Qc1 Nxb1 14. Nxc6 Qb6 15.
Qxb1 b4 16. Nce5 f6 17. Ng4 h5 18. Bg6+ Kd8 19. Nge5 fxe5 20. Nxe5 Rh6 21. Nf7+
Kd7 22. Nxh6 gxh6 23. O-O Ba6 24. Re1 Bc4 25. e4 Qxd4 26. Be3 Qc3 27. exd5 Bxd5
28. Rd1 Bd6 29. Bd4 Qc6 30. c4 bxc3 31. Qd3 Rg8 32. f3 c2 33. Rc1 Qc4 34. Qxc4
Bxc4 35. Bxc2 Bd5 36. Kf2 Bxh2 37. Ba4+ Ke7 38. Rh1 Bg3+ 39. Ke3 h4 40. Rb1 e5
41. Bc5+ Kf6 42. Rb6+ Be6 43. Rxe6+ Kf5 44. Rxh6 Bf4+ 45. Ke2 Bxh6 46. Bc2+ Kf6
47. Bf2 Rxg2 48. Kf1 Rg8 49. Bxh4+ Bg5 50. Bf2 Rc8 51. Be4 Rb8 52. Kg2 Rb2 53.
Kf1 Ra2 54. Bb6 Ra1+ 55. Kg2 Ra6 56. Bd8+ Ke6 57. Bxg5 Ra2+ 58. Kg3 Ra1 59. Be3
Re1 60. Bf2 Ra1 61. Be3 Re1 62. Kf2 Ra1 63. Bd2 Ra2 64. Ke3 Ra3+ 65. Bd3 Ra1 66.
Ke4 Ra4+ 67. Ke3 Ra1 68. Bc3 Rh1 69. Bc4+ Kf6 70. Bd3 Rh4 71. Be4 Rf4 72. Bb2
Rh4 73. Bc1 Rh1 74. Bd2 Rh2 75. Bc3 Rh4 76. Kf2 Rh2+ 77. Kg3 Ra2 78. Kg4 Ra3 79.
Bb4 Ra4 80. Bc5 Rc4 81. Bb6 Rb4 82. Bd8+ Ke6 83. Kg5 Rb3 84. Bf6 Rb8 85. Bf5+
Kd5 86. Be4+ Ke6 87. Bg7 Rg8 88. Kg6 Rb8 89. Bh6 Rg8+ 90. Bg7 Rb8 91. Bd3 Kd5
92. Bf5 Rg8 93. Kf7 Rb8 94. Be4+ Kd6 95. Bf6 Rc8 96. Kg6 Rg8+ 97. Kf5 Rc8 98.
Bxe5+ Ke7 99. Bf6+ Kd6 100. f4 Rc5+ 101. Be5+ Ke7 102. Bf3 Ra5 103. Bh5 Rc5 104.
Be2 Ra5 105. Ke4 Ra4+ 106. Kd5 Ra5+ 107. Kd4 Ra4+ 108. Bc4 Ra1 109. f5 Re1 110.
f6+ Kd7 111. f7 Rd1+ 112. Ke3 Re1+ 113. Kd4 Rd1+ 114. Ke4 Re1+ 115. Kf5 Rf1+
116. Bxf1 Ke7 117. Bc4 Kd7 118. f8=Q Kc6 119. Qd6+ Kb7 120. Qc7+ Ka8 121. Qb8# 1-0

[Event "Titled Tue 10th Jun Early"]
[Site "chess.com INT"]
[Date "2025.06.10"]
[Round "9"]
[White "Nakhbayeva, Guliskhan"]
[Black "Barseghyan, Armen Ar."]
[Result "0-1"]
[WhiteTitle "IM"]
[BlackTitle "IM"]
[WhiteElo "2326"]
[BlackElo "2348"]
[WhiteFideId "13704788"]
[BlackFideId "13306707"]
[EventDate "2025.06.10"]

1. c4 c5 2. Nf3 Nf6 3. Nc3 g6 4. d4 cxd4 5. Nxd4 Nc6 6. e4 d6 7. Be2 Nxd4 8.
Qxd4 Bg7 9. Be3 O-O 10. Qd1 a5 11. O-O a4 12. a3 Qa5 13. f3 Be6 14. Rc1 Rfc8 15.
Nd5 Nxd5 16. cxd5 Bd7 17. Bd4 Rxc1 0-1

[Event "Titled Tue 10th Jun Early"]
[Site "chess.com INT"]
[Date "2025.06.10"]
[Round "9"]
[White "Novikova, Marharyta"]
[Black "Suvradeepta, Das"]
[Result "0-1"]
[WhiteTitle "WCM"]
[BlackTitle "FM"]
[WhiteElo "1974"]
[BlackElo "2230"]
[WhiteFideId "14109689"]
[BlackFideId "5058031"]
[EventDate "2025.06.10"]

1. e4 c6 2. d4 d5 3. Nd2 dxe4 4. Nxe4 Bf5 5. Ng3 Bg6 6. Nf3 Nd7 7. Ne5 Nxe5 8.
dxe5 Qa5+ 9. Bd2 Qxe5+ 10. Be2 Qxb2 11. O-O Qxc2 12. Qe1 Nf6 13. Bc4 Qxc4 0-1

[Event "Titled Tue 10th Jun Early"]
[Site "chess.com INT"]
[Date "2025.06.10"]
[Round "9"]
[White "Andrade, Ivan"]
[Black "Gbiorczyk, Mikolaj"]
[Result "0-1"]
[WhiteTitle "FM"]
[BlackTitle "CM"]
[WhiteElo "2144"]
[BlackElo "2191"]
[WhiteFideId "14800039"]
[BlackFideId "21080763"]
[EventDate "2025.06.10"]

1. e4 c6 2. d4 d5 3. e5 c5 4. dxc5 e6 5. a3 Bxc5 6. Nf3 Nd7 7. b4 Be7 8. Bb2 a5
9. b5 Nh6 10. Bd3 f6 11. O-O Nf7 12. exf6 Bxf6 13. Bxf6 Qxf6 14. Nbd2 e5 15. Re1
O-O 16. Bf1 e4 17. Nxe4 dxe4 18. Rxe4 Nc5 19. Re3 Bg4 20. Bc4 Rad8 21. Qe2 Qxa1+ 0-1

[Event "Titled Tue 10th Jun Early"]
[Site "chess.com INT"]
[Date "2025.06.10"]
[Round "9"]
[White "Sahetchian, Armand"]
[Black "Marynychenko, Yehor"]
[Result "0-1"]
[WhiteTitle "CM"]
[BlackTitle "CM"]
[WhiteElo "2024"]
[BlackElo "2183"]
[WhiteFideId "607150"]
[BlackFideId "34160558"]
[EventDate "2025.06.10"]

1. d4 Nf6 2. Bg5 g6 3. Nd2 d5 4. Bxf6 exf6 5. Ngf3 Bg7 6. c4 dxc4 7. Nxc4 O-O 8.
e3 b5 9. Ncd2 a6 10. Bd3 Bb7 11. Rc1 Nd7 12. O-O f5 13. Qc2 Rc8 14. Nb3 Bxf3 15.
gxf3 Qg5+ 16. Kh1 Qh5 17. Be2 Nf6 18. f4 Qh3 19. Rg1 Ne4 20. Bf3 Qxf3+ 0-1

[Event "Titled Tue 10th Jun Early"]
[Site "chess.com INT"]
[Date "2025.06.10"]
[Round "9"]
[White "Parfenov, Viktor N."]
[Black "Risteski, Emil"]
[Result "1-0"]
[WhiteTitle "CM"]
[BlackTitle "IM"]
[WhiteElo "2193"]
[BlackElo "2374"]
[WhiteFideId "4165969"]
[BlackFideId "15005267"]
[EventDate "2025.06.10"]

1. d4 g6 2. e4 Bg7 3. Nc3 c6 4. Bc4 d6 5. Qf3 e6 6. Bb3 d5 7. e5 f6 8. exf6 Nxf6
9. Nge2 O-O 10. O-O Nbd7 11. Nf4 Re8 12. Re1 e5 13. Nfxd5 cxd5 14. Nxd5 Nxd5 15.
Qxd5+ Kh8 16. Be3 Nf8 17. Qg8# 1-0

[Event "Titled Tue 10th Jun Early"]
[Site "chess.com INT"]
[Date "2025.06.10"]
[Round "9"]
[White "Rabin, Evan"]
[Black "Levitan, Caleb Levi"]
[Result "0-1"]
[BlackTitle "FM"]
[WhiteElo "1945"]
[BlackElo "2399"]
[WhiteFideId "2028670"]
[BlackFideId "14332620"]
[EventDate "2025.06.10"]

1. e4 c5 2. Nf3 e6 3. d4 cxd4 4. Nxd4 Nf6 5. Nc3 Nc6 6. Ndb5 Bc5 7. Nd6+ Ke7 8.
Nc4 d5 9. exd5 exd5 10. Nd2 Ng4 11. Qe2+ Be6 12. Nd1 Re8 13. Nb3 Bb6 14. h3 Kf8
15. Ne3 Nxe3 16. Bxe3 d4 17. Bd2 Bxb3 0-1

[Event "Titled Tue 10th Jun Early"]
[Site "chess.com INT"]
[Date "2025.06.10"]
[Round "9"]
[White "Babayeva, Nasrin"]
[Black "Birkisson, Bjorn Holm"]
[Result "0-1"]
[WhiteTitle "WFM"]
[BlackTitle "CM"]
[WhiteElo "1936"]
[BlackElo "2128"]
[WhiteFideId "13416626"]
[BlackFideId "2310600"]
[EventDate "2025.06.10"]

1. c4 e5 2. g3 c6 3. Nf3 e4 4. Nd4 d5 5. d3 exd3 6. Qxd3 Nf6 7. Bg2 Bb4+ 8. Bd2
Bxd2+ 9. Nxd2 dxc4 10. Nxc4 O-O 11. O-O-O Na6 12. Qc3 Qe7 13. h3 Nd5 14. Qf3 Qc5
15. Qd3 b5 16. Nxb5 Qxb5 17. Bxd5 cxd5 0-1

[Event "Titled Tue 10th Jun Early"]
[Site "chess.com INT"]
[Date "2025.06.10"]
[Round "9"]
[White "Atis, Hasan"]
[Black "Shukhman, Anna"]
[Result "0-1"]
[WhiteTitle "CM"]
[BlackTitle "WGM"]
[WhiteElo "2089"]
[BlackElo "2413"]
[WhiteFideId "44598017"]
[BlackFideId "54180058"]
[EventDate "2025.06.10"]

1. e4 c5 2. Nf3 d6 3. d4 cxd4 4. Nxd4 Nf6 5. Nc3 g6 6. Be3 Nc6 7. f3 h5 8. Qd2
Nxd4 9. Qxd4 Bg7 10. O-O-O O-O 11. Bc4 Ng4 12. Qd3 Nxe3 13. Qxe3 Qc7 14. Bb3
Bxc3 15. Qxc3 Qxc3 16. bxc3 Be6 17. Kb2 a5 18. Rd4 b5 19. Re1 Rfc8 20. Re3 a4
21. Bxe6 fxe6 22. Ka3 e5 23. Rb4 Rc5 24. h4 Rac8 25. Kb2 e6 26. Rd3 R8c6 27. c4
Rxc4 28. Ra3 Rxb4+ 0-1